00394 a2200145 4500000002100000001000700021005001700028008004100045082001600086100002100102245006100123260003400184300001000218700002000228BKB 07181120200902151057.0  a807.6bC13L1 aCallaghan, Patsy1 aLiterary conversationcby Patsy Callaghan and Ann Dobyns aBostonbAllyn and Baconc1996 a260p. aDobyns, Annbc